[Event "Lichtenrader Herbst"]
[Site "Berlin-Lichtenrade"]
[Date "2015.10.24"]
[Round "1.1"]
[White "Zesewitz, Martin"]
[Black "Danin, Alexandre"]
[Result "0-1"]
[WhiteElo "1865"]
[BlackElo "2579"]
[PlyCount "56"]
[EventDate "2015.??.??"]
[WhiteTeam "SF Friedrichshagen"]
[BlackTeam "Bochumer SV"]

1. f4 Nf6 2. Nf3 g6 3. g3 Bg7 4. Bg2 O-O 5. O-O d5 6. d3 c5 7. c3 Nc6 8. Qc2 d4
9. e4 dxe3 10. Bxe3 Bf5 11. Qb3 Bxd3 12. Re1 Na5 13. Qa4 b5 14. Qd1 Rc8 15. Ne5
Be4 16. Qe2 Bxg2 17. Qxg2 Nd5 18. Na3 a6 19. Bd2 e6 20. Rad1 c4 21. Nc2 Nc6 22.
Nd4 Nxd4 23. cxd4 b4 24. Bc1 c3 25. Qe2 a5 26. Qb5 Qc7 27. b3 c2 28. Rd2 Nc3
0-1

[Event "Lichtenrader Herbst"]
[Site "Berlin-Lichtenrade"]
[Date "2015.10.24"]
[Round "1.2"]
[White "Kovalev, Andrei"]
[Black "Bieber, Rainer"]
[Result "1-0"]
[WhiteElo "2534"]
[BlackElo "1866"]
[PlyCount "65"]
[EventDate "2015.??.??"]
[BlackTeam "SV Empor Berlin"]

1. e4 c5 2. Nf3 g6 3. c3 Bg7 4. d4 cxd4 5. cxd4 d5 6. e5 Bg4 7. Bb5+ Nc6 8.
Bxc6+ bxc6 9. Nbd2 e6 10. O-O Ne7 11. h3 Bxf3 12. Nxf3 Qb6 13. b3 O-O 14. Ba3
Rfe8 15. Qd2 a5 16. Bc5 Qd8 17. a4 Nf5 18. g3 Bh6 19. Qc3 Ra6 20. Qd3 Qa8 21.
h4 Bf8 22. Bxf8 Rxf8 23. h5 Rb6 24. g4 Nh6 25. Qe3 Kg7 26. Kg2 Nxg4 27. Qf4 Nh6
28. Qf6+ Kg8 29. Rh1 Nf5 30. hxg6 fxg6 31. Qxe6+ Kg7 32. Qd7+ Rf7 33. Rxh7+ 1-0

[Event "Lichtenrader Herbst"]
[Site "Berlin-Lichtenrade"]
[Date "2015.10.24"]
[Round "1.3"]
[White "Koehler, Inken"]
[Black "Kasparov, Sergey"]
[Result "0-1"]
[WhiteElo "1726"]
[BlackElo "2482"]
[PlyCount "74"]
[EventDate "2015.??.??"]
[WhiteTeam "TuRa Harksheide"]

1. e4 d5 2. exd5 Qxd5 3. Nc3 Qd6 4. d4 Nf6 5. Nf3 c6 6. Bc4 Be6 7. Qe2 Bxc4 8.
Qxc4 e6 9. O-O Nbd7 10. Re1 Be7 11. Bg5 O-O 12. Ne5 Rad8 13. Rad1 Qc7 14. Bf4
Qa5 15. Qb3 Qb4 16. Nc4 Nd5 17. Nxd5 cxd5 18. Qxb4 Bxb4 19. Bd2 dxc4 20. Bxb4
Rfe8 21. d5 e5 22. Bd6 Rc8 23. Re3 f6 24. Ra3 a6 25. Re3 Kf7 26. Rde1 Nb6 27.
Rd1 Red8 28. Ba3 Rxd5 29. Rxd5 Nxd5 30. Re4 b5 31. c3 a5 32. b4 Nxc3 33. Re1
axb4 34. Bxb4 Nxa2 35. Ba5 c3 36. Ra1 c2 37. Bd2 c1=Q+ 0-1

[Event "Lichtenrader Herbst"]
[Site "Berlin-Lichtenrade"]
[Date "2015.10.24"]
[Round "1.4"]
[White "Romanishin, Oleg M"]
[Black "Ziems, Michael"]
[Result "1-0"]
[WhiteElo "2474"]
[BlackElo "1833"]
[PlyCount "35"]
[EventDate "2015.??.??"]
[BlackTeam "SV Empor Berlin"]

1. Nf3 d5 2. g3 Nf6 3. Bg2 Bf5 4. c4 c6 5. Qb3 Qb6 6. d3 e6 7. Be3 c5 8. Nh4
Bg6 9. Nxg6 hxg6 10. Nc3 Nc6 11. cxd5 Qxb3 12. axb3 Nb4 13. O-O Nbxd5 14. Bg5
Be7 15. Bxf6 Bxf6 16. Nxd5 exd5 17. Bxd5 O-O-O 18. Rxa7 1-0

[Event "Lichtenrader Herbst"]
[Site "Berlin-Lichtenrade"]
[Date "2015.10.24"]
[Round "1.5"]
[White "Acikel, Mert"]
[Black "Stremavicius, Titas"]
[Result "0-1"]
[WhiteElo "1889"]
[BlackElo "2466"]
[PlyCount "64"]
[EventDate "2015.??.??"]
[WhiteTeam "SV Mattnetz Berlin"]
[BlackTeam "Kaunas Margiris"]

1. e4 c5 2. Nf3 Nc6 3. d4 cxd4 4. Nxd4 Nf6 5. Nc3 d6 6. Be3 Ng4 7. Bg5 Qb6 8.
Bb5 Bd7 9. Bxc6 bxc6 10. Qd2 h6 11. Bh4 Qxb2 12. Rb1 Qa3 13. O-O g5 14. Bg3 Bg7
15. Rb3 Qc5 16. Rd1 O-O 17. h3 Nf6 18. Nf3 Be6 19. Rbb1 Nh5 20. Nd4 Nxg3 21.
fxg3 Rab8 22. Rxb8 Rxb8 23. Kh2 Bxd4 24. Qxd4 Qxd4 25. Rxd4 Rb2 26. Rd2 Bxa2
27. Nxa2 Rxa2 28. e5 dxe5 29. Rd7 e6 30. Rc7 Rxc2 31. Rxa7 h5 32. g4 h4 0-1

[Event "Lichtenrader Herbst"]
[Site "Berlin-Lichtenrade"]
[Date "2015.10.24"]
[Round "1.6"]
[White "Malek, Daniel"]
[Black "Schabel, Eberhard"]
[Result "1-0"]
[WhiteElo "2426"]
[BlackElo "1796"]
[PlyCount "69"]
[EventDate "2015.??.??"]
[WhiteTeam "SK Zehlendorf"]
[BlackTeam "TuRa Harksheide"]

1. d4 d5 2. c4 e6 3. Nc3 Nf6 4. cxd5 exd5 5. Bg5 c6 6. e3 Be7 7. Bd3 Bg4 8. Qb3
Qb6 9. Qc2 Na6 10. a3 Rd8 11. h3 Bh5 12. f4 Qc7 13. Bxf6 Bxf6 14. g4 Bg6 15. f5
Bh4+ 16. Kd2 O-O 17. Bxa6 bxa6 18. Nf3 Bf2 19. Raf1 Bg3 20. Qd3 Rfe8 21. fxg6
hxg6 22. h4 Rb8 23. Kc2 Qb6 24. Na4 Qb7 25. h5 c5 26. hxg6 f6 27. dxc5 Re4 28.
b4 Rbe8 29. Nc3 Rxe3 30. Qf5 d4 31. Nd5 Re2+ 32. Kd1 R2e5 33. Nxe5 Rxe5 34.
Nxf6+ gxf6 35. Qxf6 1-0

[Event "Lichtenrader Herbst"]
[Site "Berlin-Lichtenrade"]
[Date "2015.10.24"]
[Round "1.7"]
[White "Rosenhain, Rachela"]
[Black "Baldauf, Marco"]
[Result "0-1"]
[WhiteElo "1792"]
[BlackElo "2404"]
[PlyCount "60"]
[EventDate "2015.??.??"]
[WhiteTeam "Schachpinguine Berlin"]
[BlackTeam "SF 1903 Berlin"]

1. e4 c5 2. Nf3 e6 3. c4 a6 4. Nc3 Qc7 5. Be2 Nf6 6. d4 cxd4 7. Nxd4 b6 8. Be3
Bb7 9. f3 d6 10. O-O Nbd7 11. Qd2 Rc8 12. Rac1 Qb8 13. a3 Be7 14. b4 Bd8 15.
Rfd1 Bc7 16. Nb3 d5 17. cxd5 exd5 18. Nxd5 Bxd5 19. exd5 Bxh2+ 20. Kh1 Rxc1 21.
Rxc1 O-O 22. Bxa6 Bg3 23. Bb5 Qe5 24. Bxd7 Nxd7 25. Qd4 Qh5+ 26. Kg1 Ne5 27.
Bf2 Qh2+ 28. Kf1 Qh1+ 29. Ke2 Qxg2 30. Nd2 Bxf2 0-1

[Event "Lichtenrader Herbst"]
[Site "Berlin-Lichtenrade"]
[Date "2015.10.24"]
[Round "1.8"]
[White "Solys, Laimutis"]
[Black "Fanin, Erik"]
[Result "1-0"]
[WhiteElo "2344"]
[BlackElo "1726"]
[PlyCount "51"]
[EventDate "2015.??.??"]
[WhiteTeam "Kaunas Margiris"]
[BlackTeam "BSV 63 Chemie Weißensee"]

1. d4 Nf6 2. c4 g6 3. Nc3 Bg7 4. e4 d6 5. Nf3 O-O 6. Be2 e5 7. Be3 Ng4 8. Bg5
f6 9. Bh4 Nc6 10. d5 Ne7 11. Nd2 Nh6 12. f3 c5 13. a3 g5 14. Bf2 f5 15. b4 b6
16. bxc5 bxc5 17. Rb1 Ng6 18. g3 Qf6 19. O-O Nf7 20. Qa4 Nd8 21. Rb2 Rf7 22.
Rfb1 Bb7 23. exf5 Qxf5 24. Nde4 Bf8 25. g4 Qd7 26. Nf6+ 1-0

[Event "Lichtenrader Herbst"]
[Site "Berlin-Lichtenrade"]
[Date "2015.10.24"]
[Round "1.9"]
[White "Sulayev, Daniel"]
[Black "Meister, Jakob"]
[Result "0-1"]
[WhiteElo "1767"]
[BlackElo "2437"]
[PlyCount "216"]
[EventDate "2015.??.??"]
[WhiteTeam "Schachpinguine Berlin"]
[BlackTeam "SK Zehlendorf"]

1. e4 c5 2. Nf3 e6 3. c4 Nc6 4. Be2 g6 5. d4 Bg7 6. d5 Nd4 7. O-O d6 8. Nxd4
cxd4 9. Nd2 e5 10. b4 a5 11. bxa5 Qxa5 12. Nb3 Qc7 13. a4 Nf6 14. Bd3 Nd7 15.
Bd2 O-O 16. f4 exf4 17. Bxf4 b6 18. Qd2 Ne5 19. Bxe5 Bxe5 20. a5 bxa5 21. Nxa5
Bd7 22. Nb3 Rxa1 23. Rxa1 Rb8 24. Qc2 Qd8 25. Nd2 Bf4 26. Nf3 Bg4 27. Be2 Qb6
28. Qd3 Qb2 29. Rf1 Rb3 30. Qd1 Ra3 31. Kh1 Ra2 32. Re1 Be3 33. Bf1 Qf2 34. Re2
Rxe2 35. Qxe2 f6 36. Qxf2 Bxf2 37. h3 Bd7 38. g4 Kf7 39. Kg2 Be3 40. Bd3 Ke7
41. Ne1 Bd2 42. Nc2 Bc3 43. Kf3 Kd8 44. h4 Kc7 45. h5 gxh5 46. gxh5 h6 47. Kf2
Kb6 48. Be2 Ba4 49. Bd3 Kc5 50. Na3 Bd2 51. Ke2 Bf4 52. Nb5 Be5 53. Nc7 Kb4 54.
Kd2 Bf4+ 55. Ke2 Be5 56. Kd2 Bf4+ 57. Ke2 Ka5 58. Nb5 Be5 59. Kd2 Bb3 60. Nc7
Bf4+ 61. Ke2 Kb6 62. Ne6 Be5 63. Kd2 Ba4 64. Be2 Bb3 65. Bd3 Ka5 66. Nc7 Bf4+
67. Ke2 Ba2 68. Nb5 Be5 69. Nc7 Kb4 70. Na6+ Kc3 71. c5 dxc5 72. Nxc5 Kb4 73.
Nd7 Bb3 74. Nxe5 fxe5 75. Kd2 Ba4 76. Be2 Bd7 77. Bf3 Kc5 78. Be2 Kd6 79. Kd3
Bc8 80. Bd1 Ba6+ 81. Kd2 Ke7 82. Be2 Bc8 83. Bb5 Kf6 84. Kd1 Bh3 85. Be8 Ke7
86. Bg6 Kd6 87. Kd2 Bd7 88. Kd3 Bb5+ 89. Kd2 Kc5 90. Bf5 Be8 91. Bg4 Kd6 92.
Kd3 Ke7 93. Kc4 Ba4 94. Kd3 Bb5+ 95. Kd2 Be8 96. Kd3 Kf6 97. Kc4 Kg5 98. Bf5
Bxh5 99. Bd7 Kf6 100. d6 Bf7+ 101. Kc5 h5 102. Bh3 d3 103. Bf1 d2 104. Be2 h4
105. Kc6 Be6 106. Kc7 h3 107. d7 Bxd7 108. Kxd7 h2 0-1

[Event "Lichtenrader Herbst"]
[Site "Berlin-Lichtenrade"]
[Date "2015.10.24"]
[Round "1.10"]
[White "Bruedigam, Martin"]
[Black "Glienke, Michael"]
[Result "1-0"]
[WhiteElo "2375"]
[BlackElo "1755"]
[PlyCount "51"]
[EventDate "2015.??.??"]
[WhiteTeam "SK König Tegel"]
[BlackTeam "SC Kreuzberg"]

1. e4 c5 2. Nf3 Nc6 3. Bb5 g6 4. Bxc6 dxc6 5. d3 Bg7 6. h3 Nf6 7. Nc3 O-O 8.
Be3 Qc7 9. Bxc5 b6 10. Bd4 Rd8 11. Be5 Qb7 12. Qe2 Bd7 13. O-O Rac8 14. Qe3 Be8
15. a4 c5 16. b3 a6 17. Rfd1 b5 18. axb5 axb5 19. Ra2 Rd7 20. Rda1 Nh5 21. Bxg7
Nxg7 22. Ra5 Rd6 23. Ra7 Qb8 24. Nd5 Kf8 25. Qh6 e6 26. Qxh7 1-0

[Event "Lichtenrader Herbst"]
[Site "Berlin-Lichtenrade"]
[Date "2015.10.24"]
[Round "1.11"]
[White "Rehmsmeier, Marc"]
[Black "Muse, Mladen"]
[Result "0-1"]
[WhiteElo "1699"]
[BlackElo "2380"]
[PlyCount "58"]
[EventDate "2015.??.??"]
[BlackTeam "SK König Tegel"]

1. e4 g6 2. d4 Bg7 3. Nf3 d6 4. Bd3 Nc6 5. c3 Nf6 6. d5 Nb8 7. Nbd2 c6 8. c4
O-O 9. O-O a5 10. Re1 e6 11. dxe6 Bxe6 12. Nb3 Ng4 13. Nbd4 Bxd4 14. Nxd4 Qh4
15. Be3 Qxh2+ 16. Kf1 Qh1+ 17. Ke2 Qxg2 18. Rg1 Nxe3 19. Kxe3 Qh3+ 20. Rg3 Qh6+
21. f4 Nd7 22. Qf3 Ne5 23. Rh1 Nxf3 24. Rxh6 Nxd4 25. f5 c5 26. Rgh3 gxf5 27.
Rxh7 f4+ 28. Kxf4 Bxh3 29. Rxh3 Kg7 0-1

[Event "Lichtenrader Herbst"]
[Site "Berlin-Lichtenrade"]
[Date "2015.10.24"]
[Round "1.12"]
[White "Chkhaidze, Nikoloz"]
[Black "Damm, Holger"]
[Result "1-0"]
[WhiteElo "2323"]
[BlackElo "1787"]
[PlyCount "47"]
[EventDate "2015.??.??"]
[BlackTeam "SC Riesa"]

1. Nf3 d5 2. d4 Nf6 3. c4 c6 4. e3 e6 5. Nc3 Bd6 6. Bd3 Nbd7 7. e4 dxe4 8. Nxe4
Nxe4 9. Bxe4 Nf6 10. Bc2 Bb4+ 11. Bd2 Bxd2+ 12. Qxd2 b6 13. Ne5 Bb7 14. f4 O-O
15. O-O-O Rc8 16. Qf2 Qe7 17. Qh4 Rc7 18. g4 c5 19. g5 Ne4 20. Rhe1 f6 21. Rxe4
fxe5 22. Rxe5 g6 23. d5 Qf7 24. dxe6 1-0

[Event "Lichtenrader Herbst"]
[Site "Berlin-Lichtenrade"]
[Date "2015.10.24"]
[Round "1.13"]
[White "Hecht, Uwe"]
[Black "Muse, Drazen"]
[Result "0-1"]
[WhiteElo "1788"]
[BlackElo "2393"]
[PlyCount "42"]
[EventDate "2015.??.??"]
[WhiteTeam "SC Kreuzberg"]
[BlackTeam "SK König Tegel"]

1. d4 Nc6 2. d5 Ne5 3. Nf3 Nxf3+ 4. exf3 Nf6 5. Bc4 g6 6. O-O Bg7 7. c3 O-O 8.
Bg5 c6 9. Re1 cxd5 10. Bxd5 e6 11. Bb3 d5 12. Nd2 Qc7 13. Qe2 b6 14. Qe3 Bb7
15. Bf4 Qc5 16. Be5 Qxe3 17. fxe3 Rfd8 18. Ba4 Rac8 19. Nb3 Nd7 20. Bxd7 Rxd7
21. f4 f6 0-1

[Event "Lichtenrader Herbst"]
[Site "Berlin-Lichtenrade"]
[Date "2015.10.24"]
[Round "1.14"]
[White "Bergstrom, Rolf"]
[Black "Stipic, Nikola"]
[Result "0-1"]
[WhiteElo "2285"]
[BlackElo "1685"]
[PlyCount "138"]
[EventDate "2015.??.??"]
[BlackTeam "SW Lichtenrade"]

1. e4 d5 2. exd5 Qxd5 3. Nc3 Qa5 4. g3 Nf6 5. Bg2 c6 6. Nf3 Bg4 7. h3 Bh5 8.
O-O e6 9. Re1 Bd6 10. d3 Nbd7 11. Ne2 O-O-O 12. Nf4 Bxf3 13. Bxf3 h5 14. Bg2 g5
15. Ne2 h4 16. Bd2 Bb4 17. c3 Bd6 18. c4 Bb4 19. Bxb4 Qxb4 20. d4 g4 21. hxg4
Nxg4 22. Qb3 Qxb3 23. axb3 h3 24. Bh1 a6 25. Rac1 Ndf6 26. f3 Ne3 27. Kf2 Nf5
28. Rcd1 Rd7 29. g4 Nh4 30. Kg3 Rdd8 31. Nf4 h2 32. Re2 Rdg8 33. Kf2 Ng6 34.
Ke3 Nxf4 35. Kxf4 Rh7 36. Rdd2 Rgh8 37. Rg2 Rh4 38. Ke3 Kc7 39. b4 b5 40. b3
Rh3 41. g5 Nd7 42. Rg4 R8h4 43. Kf4 Rh7 44. Ra2 Kb6 45. Ke3 Nf8 46. Rd2 Ng6 47.
d5 Ne5 48. Rf4 bxc4 49. bxc4 Rg3 50. d6 Rg1 51. d7 Nxd7 52. c5+ Kb5 53. Rxd7
Rxh1 54. Rb7+ Ka4 55. b5+ Ka3 56. g6 Re1+ 57. Kd4 h1=Q 58. gxh7 Qxh7 59. Rfxf7
Rd1+ 60. Ke5 Qg6 61. bxc6 Rd5+ 62. Kf4 e5+ 63. Ke3 Qd3+ 64. Kf2 Qd2+ 65. Kg3
Qg5+ 66. Kh3 Rd3 67. c7 Rd1 68. Kh2 Rg1 69. c8=Q Qg2# 0-1

[Event "Lichtenrader Herbst"]
[Site "Berlin-Lichtenrade"]
[Date "2015.10.24"]
[Round "1.15"]
[White "Sippel, Roman"]
[Black "Lyell, Mark"]
[Result "0-1"]
[WhiteElo "1812"]
[BlackElo "2285"]
[PlyCount "48"]
[EventDate "2015.??.??"]
[WhiteTeam "SF 1903 Berlin"]

1. Nf3 f5 2. d4 Nf6 3. c4 e6 4. Nc3 Bb4 5. a3 Bxc3+ 6. bxc3 b6 7. g3 Bb7 8. Bg2
O-O 9. O-O Qc8 10. a4 Nc6 11. Ba3 Re8 12. Nd2 Na5 13. Rb1 Bxg2 14. Kxg2 Qa6 15.
c5 Nc4 16. Bb4 Nxd2 17. Qxd2 Qxa4 18. cxb6 axb6 19. f3 e5 20. Qd3 exd4 21. cxd4
Qa6 22. Qxa6 Rxa6 23. Rb2 Nd5 24. Re1 Ra4 0-1

[Event "Lichtenrader Herbst"]
[Site "Berlin-Lichtenrade"]
[Date "2015.10.24"]
[Round "1.16"]
[White "Lerch, Philipp"]
[Black "Kiesewetter, Peter"]
[Result "1-0"]
[WhiteElo "2307"]
[BlackElo "1860"]
[PlyCount "145"]
[EventDate "2015.??.??"]
[WhiteTeam "SC Kreuzberg"]
[BlackTeam "SW Lichtenrade"]

1. c4 Nf6 2. g3 e6 3. Bg2 d5 4. Nf3 c6 5. b3 Bd6 6. Bb2 Nbd7 7. d4 O-O 8. Nc3
b6 9. O-O Bb7 10. Nd2 Rc8 11. e4 dxe4 12. Ndxe4 Bb8 13. Ba3 Nxe4 14. Bxe4 Re8
15. Qc2 Nf6 16. Rad1 Qc7 17. Bg2 Rcd8 18. Rfe1 Qc8 19. f4 Bd6 20. Bxd6 Rxd6 21.
c5 Rd7 22. Ne4 Nxe4 23. Bxe4 h6 24. Kf2 Qd8 25. Ke3 b5 26. Qg2 e5 27. fxe5 Rxe5
28. dxe5 Rxd1 29. Rxd1 Qxd1 30. Qd2 Qg1+ 31. Qf2 Qc1+ 32. Kf3 Qc3+ 33. Qe3 Qa1
34. Qd3 Qh1+ 35. Ke3 Qg1+ 36. Kd2 Qf2+ 37. Kc1 Qxc5+ 38. Kb1 Qe7 39. Qc3 Qd7
40. Kc2 g6 41. Qc5 a5 42. Bd3 Kg7 43. Qc3 Qe6 44. Qxa5 Qxe5 45. Qb6 Qe7 46. a4
b4 47. Qd4+ Kh7 48. a5 c5 49. Qf2 Bd5 50. a6 Qe6 51. Qxc5 Bxb3+ 52. Kb2 Bd5 53.
Qxb4 Qf6+ 54. Qc3 Qb6+ 55. Ka3 Qd6+ 56. Ka4 Bc6+ 57. Kb3 Qb8+ 58. Qb4 Qa8 59.
Qb6 Bd5+ 60. Kc3 Qc8+ 61. Kd4 Ba8 62. Qf6 Qd7+ 63. Kc5 Qd5+ 64. Kb4 Qd7 65. Bc4
Qd2+ 66. Kb5 Bd5 67. Bxd5 Qxd5+ 68. Kb6 Qb3+ 69. Kc7 Qc4+ 70. Qc6 Qb4 71. a7
Qa5+ 72. Qb6 Qe5+ 73. Kd7 1-0

[Event "Lichtenrader Herbst"]
[Site "Berlin-Lichtenrade"]
[Date "2015.10.24"]
[Round "1.17"]
[White "Jansen, Robert"]
[Black "Rietze, Clemens"]
[Result "0-1"]
[WhiteElo "1774"]
[BlackElo "2279"]
[PlyCount "52"]
[EventDate "2015.??.??"]
[WhiteTeam "SC Kreuzberg"]
[BlackTeam "SC Rotation Pankow"]

1. d4 f5 2. Bg5 g6 3. Nc3 Bg7 4. Nf3 Nf6 5. Qd2 Ne4 6. Nxe4 fxe4 7. Nh4 d5 8.
f3 h6 9. Nxg6 hxg5 10. Nxh8 Bxh8 11. Qxg5 Be6 12. Qh5+ Kd7 13. fxe4 Qg8 14.
exd5 Bg4 15. Qh4 Bxd4 16. O-O-O Qg7 17. Rxd4 Qxd4 18. h3 Qe3+ 19. Kb1 Bf5 20.
Qa4+ c6 21. dxc6+ Nxc6 22. Qb5 Be4 23. Qc4 Qd2 24. b3 Nd4 25. Kb2 Rc8 26. Qa4+
b5 0-1

[Event "Lichtenrader Herbst"]
[Site "Berlin-Lichtenrade"]
[Date "2015.10.24"]
[Round "1.18"]
[White "Foerster, Jonas"]
[Black "Hommel, Niclas"]
[Result "1-0"]
[WhiteElo "2261"]
[BlackElo "1735"]
[PlyCount "51"]
[EventDate "2015.??.??"]
[WhiteTeam "SSC Rostock"]
[BlackTeam "Schachunion Berlin"]

1. d4 Nf6 2. c4 e6 3. Nf3 c5 4. Nc3 d5 5. cxd5 Nxd5 6. e4 Nxc3 7. bxc3 cxd4 8.
cxd4 Bb4+ 9. Bd2 Bxd2+ 10. Qxd2 O-O 11. Rc1 Nc6 12. Be2 Qd6 13. O-O Rd8 14.
Rfd1 b6 15. e5 Qd7 16. Bb5 Bb7 17. d5 exd5 18. e6 Qd6 19. exf7+ Kxf7 20. Bxc6
Bxc6 21. Rxc6 Qe7 22. h4 Kg8 23. Qd4 h6 24. Re1 Qf7 25. Rec1 Rd7 26. Ne5 1-0

[Event "Lichtenrader Herbst"]
[Site "Berlin-Lichtenrade"]
[Date "2015.10.24"]
[Round "1.19"]
[White "Dathe, Frederick"]
[Black "Peters, Alex"]
[Result "1-0"]
[WhiteElo "1783"]
[BlackElo "2262"]
[PlyCount "67"]
[EventDate "2015.??.??"]
[WhiteTeam "SC Kreuzberg"]
[BlackTeam "Brühler SK"]

1. d4 e6 2. Nf3 Nf6 3. Bg5 Be7 4. e3 b6 5. c4 Ne4 6. Bxe7 Qxe7 7. Bd3 Bb7 8.
Nbd2 f5 9. Qc2 Nxd2 10. Qxd2 O-O 11. Be2 d6 12. Rc1 Nd7 13. b4 e5 14. d5 a5 15.
a3 axb4 16. axb4 Ra4 17. Bd1 Ra3 18. O-O Rfa8 19. Qb2 Nf6 20. Bb3 h6 21. Ra1
Rxa1 22. Rxa1 Qd8 23. Nh4 Rxa1+ 24. Qxa1 Nxd5 25. Nxf5 Nxb4 26. c5+ Kh8 27.
cxd6 cxd6 28. Qa3 Qc7 29. h3 Qc6 30. Nh4 Qe4 31. Qa7 Qb1+ 32. Kh2 Bxg2 33. Qb8+
Kh7 34. Qg8# 1-0

[Event "Lichtenrader Herbst"]
[Site "Berlin-Lichtenrade"]
[Date "2015.10.24"]
[Round "1.20"]
[White "Steponavicius, Stasys"]
[Black "Butvilas, Aistis"]
[Result "0-1"]
[WhiteElo "2194"]
[BlackElo "1662"]
[PlyCount "38"]
[EventDate "2015.??.??"]
[WhiteTeam "Kaunas Margiris"]
[BlackTeam "Kaunas Margiris"]

1. d4 Nf6 2. c4 e6 3. Nc3 Bb4 4. Nf3 O-O 5. g3 d5 6. Qb3 c5 7. a3 Ba5 8. cxd5
exd5 9. Bg5 Nc6 10. O-O-O cxd4 11. Nxd4 Bxc3 12. bxc3 h6 13. Bxf6 Qxf6 14. f4
Nxd4 15. Rxd4 Bf5 16. Bg2 Rfe8 17. Bf3 Rac8 18. Rhd1 Re3 19. Kd2 Qxd4+ 0-1

[Event "Lichtenrader Herbst"]
[Site "Berlin-Lichtenrade"]
[Date "2015.10.25"]
[Round "2.1"]
[White "Danin, Alexandre"]
[Black "Huels, Marco"]
[Result "1-0"]
[WhiteElo "2579"]
[BlackElo "1965"]
[PlyCount "47"]
[EventDate "2015.??.??"]
[WhiteTeam "Bochumer SV"]
[BlackTeam "SV Mattnetz Berlin"]

1. e4 e6 2. d4 d5 3. Nc3 dxe4 4. Nxe4 Bd7 5. Nf3 Bc6 6. Bd3 Nd7 7. O-O Bxe4 8.
Bxe4 c6 9. c4 Ngf6 10. Bc2 Bd6 11. b3 Qa5 12. a3 O-O 13. Bb2 Rad8 14. Qe2 Qh5
15. Rfe1 Rfe8 16. Rad1 Nf8 17. g3 Ng6 18. Kg2 Qg4 19. Bc1 Nh5 20. Kh1 f6 21.
Bd3 Bf4 22. Bxg6 hxg6 23. Bxf4 Nxf4 24. gxf4 1-0

[Event "Lichtenrader Herbst"]
[Site "Berlin-Lichtenrade"]
[Date "2015.10.25"]
[Round "2.2"]
[White "Gebigke, Martin"]
[Black "Kovalev, Andrei"]
[Result "0-1"]
[WhiteElo "2128"]
[BlackElo "2534"]
[PlyCount "70"]
[EventDate "2015.??.??"]
[WhiteTeam "SC Kreuzberg"]

1. e4 c5 2. Nf3 e6 3. d4 cxd4 4. Nxd4 a6 5. Nc3 Qc7 6. Be2 Nf6 7. O-O d6 8. a4
b6 9. f4 Bb7 10. Bf3 Nbd7 11. Kh1 Be7 12. Qe1 h5 13. Be3 Ng4 14. Bg1 g5 15. f5
e5 16. Nb3 Ngf6 17. Nd2 g4 18. Be2 h4 19. Be3 h3 20. g3 Nc5 21. Kg1 Rg8 22. Qf2
Ncxe4 23. Ndxe4 Bxe4 24. Bxb6 Qb7 25. a5 Bxf5 26. Bc4 Be6 27. Bxe6 fxe6 28.
Rad1 Rc8 29. Rfe1 Rf8 30. Qd2 Rxc3 31. bxc3 Ne4 32. Rxe4 Qxe4 33. Re1 Qc6 34.
Re2 Bd8 35. Qe3 Rf3 0-1

[Event "Lichtenrader Herbst"]
[Site "Berlin-Lichtenrade"]
[Date "2015.10.25"]
[Round "2.3"]
[White "Kasparov, Sergey"]
[Black "Richter, Goetz"]
[Result "1-0"]
[WhiteElo "2482"]
[BlackElo "2078"]
[PlyCount "91"]
[EventDate "2015.??.??"]
[BlackTeam "Klub Kölner SF"]

1. e4 c5 2. Nf3 d6 3. d4 cxd4 4. Nxd4 Nf6 5. f3 e5 6. Nb3 d5 7. Bg5 d4 8. c3
Nc6 9. cxd4 Bb4+ 10. Bd2 exd4 11. Bb5 Be7 12. Ba5 Qd6 13. Qxd4 Bd7 14. Qxd6
Bxd6 15. Bxc6 Bxc6 16. Bc3 O-O 17. N1d2 b6 18. Nc4 Be7 19. Nd4 Bb7 20. Nf5 Rfe8
21. Ncd6 Bxd6 22. Nxd6 Re7 23. Bxf6 gxf6 24. Rd1 Bc8 25. Kf2 Be6 26. b3 Rc7 27.
Rd2 a6 28. Rhd1 Kf8 29. Ke3 Raa7 30. h3 Rc5 31. g4 a5 32. Rd3 a4 33. b4 Rc2 34.
a3 Rh2 35. Nb5 Re7 36. Rd8+ Re8 37. Nc7 Rxd8 38. Rxd8+ Ke7 39. Rb8 Ra2 40. Rxb6
Rxa3+ 41. Kf4 Bc4 42. Nd5+ Kf8 43. Rb8+ Kg7 44. Ne7 Be6 45. Rg8+ Kh6 46. h4 1-0

[Event "Lichtenrader Herbst"]
[Site "Berlin-Lichtenrade"]
[Date "2015.10.25"]
[Round "2.4"]
[White "Hahlbohm, Matthias"]
[Black "Romanishin, Oleg M"]
[Result "0-1"]
[WhiteElo "2065"]
[BlackElo "2474"]
[PlyCount "92"]
[EventDate "2015.??.??"]
[WhiteTeam "TSG Oberschöneweide"]

1. e4 e5 2. Nf3 Nc6 3. Bb5 a6 4. Ba4 b5 5. Bb3 Nf6 6. Qe2 d6 7. h3 Be7 8. c3
Na5 9. Bc2 c5 10. O-O O-O 11. d4 Qc7 12. Bg5 Nh5 13. Be3 Nc4 14. Bc1 g6 15. a4
Bd7 16. Na3 Nxa3 17. Rxa3 b4 18. Ra1 exd4 19. cxd4 c4 20. Bd2 c3 21. bxc3 bxc3
22. Be3 Rfe8 23. Rfb1 a5 24. d5 Rab8 25. Nd4 Rb4 26. Nb5 Bxb5 27. axb5 Rb8 28.
b6 R8xb6 29. Bxb6 Qxb6 30. Qf3 Qc5 31. Rb3 Rxb3 32. Bxb3 Bg5 33. Bc2 Kg7 34. g3
Nf6 35. Qe2 Nd7 36. Qa6 Be3 37. Qe2 Bd4 38. Kg2 Nb6 39. h4 h5 40. f3 Nc4 41. g4
Ne3+ 42. Kh3 hxg4+ 43. fxg4 Nxc2 44. Qxc2 Be5 45. Qe2 c2 46. Rc1 Qa3+ 0-1

[Event "Lichtenrader Herbst"]
[Site "Berlin-Lichtenrade"]
[Date "2015.10.25"]
[Round "2.5"]
[White "Stremavicius, Titas"]
[Black "Kutschke, Jens"]
[Result "1-0"]
[WhiteElo "2466"]
[BlackElo "2005"]
[PlyCount "101"]
[EventDate "2015.??.??"]
[WhiteTeam "Kaunas Margiris"]
[BlackTeam "SF 1903 Berlin"]

1. c4 Nf6 2. Nc3 d5 3. cxd5 Nxd5 4. g3 g6 5. Bg2 Nb6 6. h4 h6 7. d3 Bg7 8. Be3
O-O 9. Qd2 Kh7 10. h5 g5 11. f4 gxf4 12. gxf4 c6 13. Nf3 Nd5 14. Bd4 Rg8 15.
Bxg7 Rxg7 16. e4 Nxc3 17. bxc3 Qg8 18. Nh4 f5 19. O-O-O Be6 20. exf5 Bd5 21.
Be4 Bxe4 22. dxe4 Na6 23. e5 Qc4 24. Ng6 Nb4 25. Qd4 Qxd4 26. Rxd4 Nd5 27. Kd2
b5 28. a4 a6 29. Ra1 Nb6 30. axb5 cxb5 31. Ke3 a5 32. Ke4 Na4 33. Raxa4 bxa4
34. Rxa4 Kg8 35. e6 Kh7 36. Ke5 Ra7 37. f6 exf6+ 38. Kxf6 Ra6 39. f5 Rc7 40.
Rd4 Ra8 41. e7 Rcc8 42. Kf7 Rg8 43. f6 a4 44. Rxa4 Rxa4 45. Nf8+ Kh8 46. e8=Q
Ra7+ 47. Ke6 Ra6+ 48. Ke5 Rg5+ 49. Ke4 Ra4+ 50. Ke3 Rg3+ 51. Kf2 1-0

[Event "Lichtenrader Herbst"]
[Site "Berlin-Lichtenrade"]
[Date "2015.10.25"]
[Round "2.6"]
[White "Pesola, Jyrki"]
[Black "Malek, Daniel"]
[Result "0-1"]
[WhiteElo "1960"]
[BlackElo "2426"]
[PlyCount "50"]
[EventDate "2015.??.??"]
[BlackTeam "SK Zehlendorf"]

1. e4 e6 2. d4 d5 3. Nd2 a6 4. exd5 exd5 5. Ngf3 Nf6 6. Bd3 c5 7. Qe2+ Be7 8.
dxc5 O-O 9. O-O Re8 10. Qd1 Bxc5 11. Nb3 Bb6 12. Bg5 h6 13. Bh4 g5 14. Bg3 Ne4
15. Nfd4 Nc6 16. c3 Bd7 17. Bc2 Qf6 18. Qd3 Ne5 19. Bxe5 Qxe5 20. Rae1 Kf8 21.
Nd2 Bb5 22. Nxb5 Nxf2 23. Rxf2 Qxe1+ 24. Qf1 Bxf2+ 25. Kh1 Qxd2 0-1

[Event "Lichtenrader Herbst"]
[Site "Berlin-Lichtenrade"]
[Date "2015.10.25"]
[Round "2.7"]
[White "Baldauf, Marco"]
[Black "Holinka, Henning"]
[Result "1-0"]
[WhiteElo "2404"]
[BlackElo "2009"]
[PlyCount "31"]
[EventDate "2015.??.??"]
[WhiteTeam "SF 1903 Berlin"]
[BlackTeam "Hamburger SK"]

1. d4 g6 2. c4 Bg7 3. e4 Nc6 4. d5 Nd4 5. Be3 c5 6. Nc3 Qa5 7. Rc1 b5 8. cxb5
Rb8 9. Qd2 d6 10. Nf3 Nxf3+ 11. gxf3 Bd7 12. Be2 f5 13. O-O Nf6 14. e5 dxe5 15.
Bxc5 O-O 16. b4 1-0